=LDR 00000nam 2200000 4500 =001 001103 =005 20250713112011 =035 ##$$a 0010-0725000986 =007 ta =008 250713################a##########0#ind## =020 ##$$a 978-623-118-894-6 =082 ##$$a 398.209 598 =084 ##$$a 398.209 598 FIT a =100 #$$a Fitrini, Erna =245 1#$$a Ada Diskon /$c Erna Fitrini =250 ##$$a cetakan pertama =260 ##$$a jakarta :$b Kementerian Pendidikan, kebudayaan, riset dan teknologi,$c 2022 =300 ##$$a 36 hlm. : $b ilus. ; $c 29,7 cm$e 398.209 598 =650 #4$$a literasi bahan bacaan =856 ##$$a TBM AS SUHADA =990 ##$$a TBM202400780